000 00402pab a2200169 454500
008 180718b2009 xxu||||| |||| 00| 0 eng d
100 _aLenke, Karin
245 _aWomen who have sex with women in the global HIV pandemic
260 _c2009
300 _ap.91-94.
362 _aMar
650 _aHomophobia
700 _aPiehl, Mathilda
773 _aDevelopment
908 _aN
909 _a82748
999 _c82748
_d82748